Lenguaje y contexto (Record no. 144780)

MARC details
000 -LEADER
campo de control de longitud fija 00815nam a2200217 4500
001 - NÚMERO DE CONTROL
campo de control 144780
003 - IDENTIFICADOR DE NÚMERO DE CONTROL
campo de control ES-MaACL
005 - FECHA Y HORA DE LA ÚLTIMA TRANSACCIÓN
campo de control 20230906201110.0
007 - CAMPO FIJO DE DESCRIPCIÓN FÍSICA--INFORMACIÓN GENERAL
campo de control de longitud fija t|
008 - DATOS DE LONGITUD FIJA--INFORMACIÓN GENERAL
campo de control de longitud fija 070214s1970 sp r ||||1| spa d
100 1# - ENTRADA PRINCIPAL--NOMBRE DE PERSONA
Nombre de persona Slama-Cazacu, Tatiana.
9 (RLIN) 106763
245 10 - MENCIÓN DEL TÍTULO
Título Lenguaje y contexto
Resto del título : el problema del lenguaje en la concepción de la expresión y de la interpretación por las organizaciones del contexto /
Mención de responsabilidad, etc. Tatiana Slama-Cacazu ; [traducido del rumano por Carla del Solar].
250 ## - MENCION DE EDICION
Mención de edición 1ª ed.
260 ## - PUBLICACIÓN, DISTRIBUCIÓN, ETC.
Lugar de publicación, distribución, etc. Barcelona ;
-- México :
Nombre del editor, distribuidor, etc. Grijalbo,
Fecha de publicación, distribución, etc. 1970 (
Fabricante Diamante)
300 ## - DESCRIPCIÓN FÍSICA
Extensión 345 p. ;
Dimensiones 20 cm.
490 1# - MENCIÓN DE SERIE
Mención de serie Biología y Psicología de hoy
700 1# - ENTRADA AGREGADA--NOMBRE PERSONAL
Nombre de persona Solar, Carla del.
9 (RLIN) 107093
830 0# - PUNTO DE ACCESO ADICIONAL DE SERIE-TÍTULO UNIFORME
Título uniforme Biología y Psicología de hoy
9 (RLIN) 184637
852 ## - LOCALIZACIÓN
Ubicación ES-MaACL
Número de control de estantería C-39836
Sublocalización o colección R.74481
Holdings
Estatus retirado Estado de pérdida Estado de daño No para préstamo Biblioteca de origen Biblioteca actual Ubicación en estantería Fecha de adquisición Fuente de adquisición Total de préstamos Signatura topográfica completa Código de barras Visto por última vez Precio de reemplazo Tipo de ítem Koha
        Biblioteca del Ateneo de Madrid Biblioteca del Ateneo de Madrid Depósito 2 17/01/2008     C-39836 1150994 23/02/2023 23/02/2023 Libro impreso